Sports Quiz

Random Sports or NBA Quiz
Score 0/30 Timer 05:00
0 Plays Today
Teams Player % Correct
76ersJoel Embiid
91.5%
CelticsKemba Walker
91.3%
Lakers LeBron James
88%
BullsZach Lavine
87.2%
CavaliersKevin Love
86.8%
HornetsDevonte Graham
83.2%
RocketsJames Harden
81.6%
WarriorsStephen Curry
81%
PelicansBrandon Ingram
78.8%
SunsDevin Booker
77%
RaptorsKyle Lowry
76.4%
NuggetsNikola Jokic
75.9%
BucksGiannis Antetokounmpo
75.9%
ThunderChris Paul
75.9%
Trail BlazersDamian Lillard
75.4%
Teams Player % Correct
GrizzliesJa Morant
75.2%
WizardsBradley Beal
75.2%
JazzRudy Gobert
74.9%
PistonsBlake Griffin
74.8%
NetsKevin Durant
73.5%
KingsDe’Aaron Fox
73.3%
Timberwolves Karl-Anthony Towns
73.3%
MavericksLuka Doncic
72.6%
ClippersKawhi Leonard
70.9%
PacersVictor Oladipo
69.7%
SpursDemar Derozan
69%
Heat Jimmy Butler
66.9%
HawksTrae Young
65%
MagicNikola Vucevic
58%
KnicksRj Barrett
36.5%
Remove Ads.
Support Sporcle.
Get the best of Sporcle when you Go Orange. This ad-free experience offers more features, more stats, and more fun while also helping to support Sporcle. Thank you for becoming a member.

You're not logged in!

Compare scores with friends on all Sporcle quizzes.
OR
Log In

Show Comments

Extras

Created Dec 17, 2018ReportNominate
Tags:NBA Quiz, 2019, Best Player, Player, team

Top Quizzes Today


Score Distribution

Your Account Isn't Verified!

In order to create a playlist on Sporcle, you need to verify the email address you used during registration. Go to your Sporcle Settings to finish the process.

Report this User

Report this user for behavior that violates our Community Guidelines.

Details: